| 000 | 00593nam a22002177a 4500 | ||
|---|---|---|---|
| 003 | OSt | ||
| 005 | 20140311162958.0 | ||
| 008 | 130213t xxu||||| |||| 00| 0 eng d | ||
| 020 | _a9789381460177 | ||
| 050 |
_aTX 911.3.M27 _b.Si617 2012 |
||
| 100 | _aSinha, Aadesh. | ||
| 245 |
_aHospitality operation management / _cAadesh Sinha. |
||
| 260 |
_aNew Delhi : _bCentrum Press, _c2013. |
||
| 300 |
_a256 p. ; _c22 cm. |
||
| 521 | _aTOU | ||
| 650 | _aHospitality industry | ||
| 650 | _aHospitality management | ||
| 650 | _aOperations management | ||
| 942 |
_2lcc _cBK _kFOR |
||
| 999 |
_c39102 _d39102 |
||